00676nam a2200205 4500001000700000003000900007005001700016007000300033008004100036100002400077245004200101260003200143300002100175490002200196650005900218830003000277852002200307999001900329952012200348126861ES-MaACL20230906192909.0t|070214s1971 sp r ||||1| spa d1 aRey, Emilio.99648910aMadres de subnormales / cEmilio Rey. aMadrid : bAlameda, c1971. a61 p. ; c17 cm.1 aOtra mujer ; v11 4aNiños con discapacidad mental-xEducación.91488371 aOtra mujer ; v119182021 aES-MaACLjC-44930 c126861d126861 00104070aATENEOMbATENEOMcDEPO2d2008-01-17eSCl0oC-44930p1132136r2023-02-23 00:00:00w2023-02-23yMONOGRAFIA